Bordering Large Countries Quiz Stats

 Plays Quiz Updated Mar 8, 2017

     
Support Sporcle.
Go Orange.
Score 0/63 Timer 06:00
9 Plays Today
% Correct
United States
98.8%
Canada
98.7%
Mexico
98.5%
Chile
93%
China
92%
China
92%
China
92%
Argentina
92%
Mongolia
89.5%
Mongolia
89.5%
Pakistan
88.1%
Pakistan
88.1%
Paraguay
87.5%
Paraguay
87.5%
Peru
86.9%
Uruguay
86.8%
Uruguay
86.8%
North Korea
83.8%
North Korea
83.8%
Kazakhstan
83.1%
Kazakhstan
83.1%
Brazil
83%
Ukraine
82.9%
Nepal
82.8%
Nepal
82.8%
Colombia
82.2%
Bolivia
81.2%
Bolivia
81.2%
Russia
80.7%
Russia
80.7%
Venezuela
79.2%
Latvia
78%
% Correct
India
77.3%
Estonia
76.9%
Lithuania
74.9%
Afghanistan
74.4%
Bangladesh
74.4%
Vietnam
74.1%
Uzbekistan
73.4%
Finland
73.4%
Belarus
72.3%
Suriname
72%
Georgia
71.6%
Guyana
71.4%
Turkmenistan
70.5%
Poland
69.9%
Laos
68.5%
Mauritania
67.5%
Mali
67.1%
Niger
67%
Myanmar
66.3%
Myanmar
66.3%
Morocco
65.1%
Tajikistan
64.5%
Bhutan
63.8%
Bhutan
63.8%
Libya
62.9%
Azerbaijan
62.5%
Kyrgyzstan
61.5%
Kyrgyzstan
61.5%
Norway
53.6%
France (French Guiana)
42.3%
Tunisia
42.1%

From the Vault

Graduating Dogs

by sbme

One of these graduates just might go on to be the next Benji or Marmaduke. Their owners must be so proud.
Remove Ads.
Support Sporcle.
Get the best of Sporcle when you Go Orange. This ad-free experience offers more features, more stats, and more fun while also helping to support Sporcle. Thank you for becoming a member.

Show Comments

Extras

Top Quizzes Today


Score Distribution

Your Account Isn't Verified!

In order to create a playlist on Sporcle, you need to verify the email address you used during registration. Go to your Sporcle Settings to finish the process.

Report this User

Report this user for behavior that violates our Community Guidelines.

Details: